000 00417nam a2200157Ia 4500
008 210716s2010 xx 000 0 und d
020 _a9789380501857
041 _aeng
082 _a621.3916 DAVJ
100 _aDavies, John H.
245 _aMSP430 microcontroller basics.
250 _a1
260 _aNew Delhi
_bElsevier India Pvt Ltd
_c2010
300 _axv,668
650 _aMicrocontrollers & Microprocessors
999 _c192280
_d192280